000 00417nam a2200133Ia 4500
003 GCL
008 140319s9999 xx 000 0 ara d
040 _aGCL /
_cGCL
082 0 4 _a239
_bا ت
245 1 0 _aتقريب الوصول الى معرفة الرسول صلى الله عليه وسلم
260 _a[S.N] :
_bمكتبة الايمان للطبع والنشر والتوزيع
300 _a135 ص
490 _a
999 _c53456
_d53456